| 000 | 01162 a2200169 4500 | ||
|---|---|---|---|
| 003 | Nust | ||
| 005 | 20230210125704.0 | ||
| 040 | _cNust | ||
| 082 | _a956,COU | ||
| 100 |
_aCoulton G.G _9108895 |
||
| 245 | _aMedieval Panorama / | ||
| 260 |
_aLondon _bCambridge _c1945 |
||
| 505 | _aThe Cauldron of Gods Wrath (Page-8), Bishop of Rome (Page-20), Feudalism Emerges (Page-45), Land and Folk (Page-57), The Village 1.2 (Page-68), Nature and Superstition (Page-103), Rector and Vicar (Page-137), Church Statistics (Page-154), The Flock 1.2 (Page-179), Dante’s Commedia (Page-207), Chivalry (Page-235), The Monastery (Page-258), The Town (Page-282), Home Life (Page-299), Trade and Travel (Page-331), The ghetto 1.2 (Page-346), From School to University (Page-385), Science (Page-433), Medicine (Page-444), The Papal Schism (Page-477), The Mystics (page-519) Artist Life (Page-555), Women’s Life (Page-614), The old and the New (Page-647), More and Utopia (Page-664), The Open Bible (Page-695), Peasant and Highbrow (Page-705), The Bursting of the Dykes (Page-720). | ||
| 600 |
_aG.G.Coulton _9108896 |
||
| 650 |
_aMedieval Panorama _9108897 |
||
| 942 |
_2ddc _cBK |
||
| 999 |
_c187014 _d187014 |
||